000
00291nam a22001217a 4500
003
OSt
008
250108b |||||||| |||| 00| 0 eng d
041
_a
eng
100
_a
Rajaram, V
_9
6832
245
_a
Computer Oriented Numerical Methods
260
_b
Prentice Hall of India Ltd
942
_c
BK
999
_c
18985
_d
18985